Pokémon avec la plus grande Défense Spéciale - A-Z - Statistiques

Statistiques générales
  • Ce quiz a été pris 52 fois
    49 depuis la dernière actualisation
  • Le résultat moyen est 10 sur 26
Statistiques - réponses
Lettre Déf. Spé Pokémon % Correct
Y 98 Yveltal
79%
C 230 Caratroc
76%
X 98 Xerneas
72%
L 154 Lugia
59%
Z 145 Zamazenta (Bouclier Suprême)
55%
D 160 Deoxys (Défense)
52%
K 140 Kyogre
52%
G 120 Giratina
48%
H 154 Ho-Oh
48%
R 200 Regice
48%
J 100 Jirachi | Joliflor
45%
U 75 Ursaring
38%
F 154 Florges
31%
I 94 Iguolta
28%
T 150 Tarinorme
28%
B 138 Bastiodon
24%
O 116 Oratoria
24%
P 142 Prédastérie
24%
Q 60 Quartermac
24%
W 105 Wimessir (femelle)
24%
E 140 Exagide (Forme Parade)
21%
M 150 Muplodocus
21%
A 125 Artikodin
14%
N 135 Noctunoir
14%
V 129 Viridium
14%
S 150 Strassie
7%
Aucun quiz correspondant
Distribution des résultats
% des personnes avec chaque résultat
Percentile par nombre de réponses
Votre historique - résultats
Vous n’avez pas pris ce quiz depuis la dernière actualisation